000 00551cam a22002291 4500
001 sa 66001461
003 DLC
005 20260227112222.0
008 890227s1962 xx 000 0 urd
010 _asa 66001461
035 _a(OCoLC)23574384
040 _aDLC
_cMiU
_dDLC
042 _apremarc
050 0 0 _aPK2182
_b.A95
100 0 _aAziz-Ur-Rahman
_ecomp.
245 1 0 _aʻIlm-i majilsī.
260 _c[1962]
300 _a8 v. in 1.
_c22 cm.
500 _aIn Urdu.
500 _aText partially vocalized.
650 0 _aUrdu literature
999 _c67830
_d67830